Growth, mortality and recruitment of commercially important fishes and penaeid shrimps in Indonesian waters

Đã lưu trong:
Bibliografiske detaljer
Format: Bog
Sprog:Undetermined
Udgivet: Indonesia Research Institute for marine fisheries 1986
Fag:
Tags: Tilføj Tag
Ingen Tags, Vær først til at tagge denne postø!
Thư viện lưu trữ: Trung tâm Học liệu Trường Đại học Cần Thơ
LEADER 00567nam a2200169Ia 4500
001 CTU_150603
008 210402s9999 xx 000 0 und d
082 |a 639.3 
082 |b G884 
245 0 |a Growth, mortality and recruitment of commercially important fishes and penaeid shrimps in Indonesian waters 
245 0 |c A. Dwiponggo ...[et al.] 
260 |a Indonesia 
260 |b Research Institute for marine fisheries 
260 |c 1986 
650 |a Fish culture,Nuôi cá 
904 |i Trọng Hải 
980 |a Trung tâm Học liệu Trường Đại học Cần Thơ